000 00611cam a22002053a 4500
001 34853
003 PGUSA
005 20140828083742.0
008 110105s2011||||xxu|||||s|||||000 | eng d
040 _aPGUSA
_beng
042 _adc
100 1 _aEvans-Wentz, W. Y.
_q(Walter Yeeling),
_d1878-1965
245 1 4 _aThe Fairy-Faith in Celtic Countries
_h[electronic resource] /
_cW. Y. Evans-Wentz
260 _bProject Gutenberg,
_c2011
506 _aPublic domain in the USA.
516 _aElectronic text
830 0 _aProject Gutenberg
_v34853
856 4 0 _uhttp://www.gutenberg.org/ebooks/34853
942 _cEB
999 _c264108
_d264108